FIFA 21 Top 50 Goalkeepers - Statistics

General Stats
  • This quiz has been taken 362 times
  • The average score is 23 of 50
Answer Stats
Rank Player OVA % Correct
2 Alisson 90
96%
6 Ederson 88
94%
5 Manuel Neuer 89
94%
3 Marc-André ter Stegen 90
94%
1 Jan Oblak 91
93%
4 Thibaut Courtois 89
92%
11 David de Gea 86
89%
13 Gianluigi Donnarumma 85
86%
8 Keylor Navas 87
85%
10 Hugo Lloris 87
84%
7 Samir Handanovic 88
73%
35 Kepa Arrizabalaga 82
71%
45 Gianluigi Buffon 82
70%
12 Yann Sommer 86
70%
14 Bernd Leno 85
67%
9 Wojciech Szczęsny 87
65%
32 Mike Maignan 82
56%
18 Rui Patrício 84
54%
16 André Onana 84
53%
17 Roman Bürki 84
52%
42 Alphonse Areola 82
51%
29 Steve Mandanda 83
50%
20 Kasper Schmeichel 84
47%
37 Nick Pope 82
45%
28 Kevin Trapp 83
42%
15 Péter Gulácsi 85
42%
40 Neto 82
38%
27 Lukáš Hrádecký 83
34%
24 Anthony Lopes 83
33%
21 Pau López 83
29%
19 Salvatore Sirigu 84
29%
26 Koen Casteels 83
26%
43 Fernando Muslera 82
24%
22 Martin Dúbravka 83
24%
33 Gerónimo Rulli 82
22%
39 Mattia Perin 82
22%
23 Thomas Strakosha 83
22%
41 Oliver Baumann 82
21%
44 Sergio Asenjo 82
17%
36 Tomáš Vaclík 82
16%
48 Odisseas Vlachodimos 81
14%
30 Jiří Pavlenka 82
12%
25 Aitor Fernández 83
11%
38 Agustín Marchesín 82
9%
50 Alessio Cragno 81
8%
31 David Soria 82
7%
34 Fernando Pacheco 82
6%
47 Walter Benítez 81
6%
46 Marko Dmitrović 81
3%
49 Esteban Andrada 81
2%
No matching quizzes found
Score Distribution
Percent of People with Each Score
Percentile by Number Answered
Your Score History
You have not taken this quiz